<?xml version="1.0" encoding="UTF-8"?>
<record
    xmlns:xsi="http://www.w3.org/2001/XMLSchema-instance"
    xsi:schemaLocation="http://www.loc.gov/MARC21/slim http://www.loc.gov/standards/marcxml/schema/MARC21slim.xsd"
    xmlns="http://www.loc.gov/MARC21/slim">

  <leader>00829nam a22002057a 4500</leader>
  <controlfield tag="003">BD-DhUL</controlfield>
  <controlfield tag="005">20181106110855.0</controlfield>
  <controlfield tag="008">161016s19892015ii  |||| |||| 000 0 ben d</controlfield>
  <datafield tag="040" ind1=" " ind2=" ">
    <subfield code="a">BD-DhUL</subfield>
    <subfield code="c">BD-DhUL</subfield>
  </datafield>
  <datafield tag="082" ind1=" " ind2=" ">
    <subfield code="a">615.32</subfield>
    <subfield code="b">CHA</subfield>
  </datafield>
  <datafield tag="245" ind1="0" ind2="0">
    <subfield code="a">&#x99A;&#x9B0;&#x995;-&#x9B8;&#x982;&#x9B9;&#x9BF;&#x9A4;&#x9BE; :</subfield>
    <subfield code="b">&#x996;&#x9A3;&#x9CD;&#x9A1; &#x9EB; /</subfield>
    <subfield code="c">&#x9B8;&#x9AE;&#x9CD;&#x9AA;&#x9BE;&#x9A6;&#x995; &#x9AC;&#x9CD;&#x9B0;&#x99C;&#x9C7;&#x9A8;&#x9CD;&#x9A6;&#x9CD;&#x9B0;&#x99A;&#x9A8;&#x9CD;&#x9A6;&#x9CD;&#x9B0; &#x9A8;&#x9BE;&#x997; &#x964; </subfield>
  </datafield>
  <datafield tag="260" ind1=" " ind2=" ">
    <subfield code="a">&#x995;&#x9B2;&#x9BF;&#x995;&#x9BE;&#x9A4;&#x9BE; :</subfield>
    <subfield code="b">&#x9A8;&#x9AC;&#x9AA;&#x9A4;&#x9CD;&#x9B0;, </subfield>
    <subfield code="c">&#x9E7;&#x9EF;&#x9EF;&#x9EC;( &#x9E8;&#x9E6;&#x9E7;&#x9EB;) </subfield>
  </datafield>
  <datafield tag="300" ind1=" " ind2=" ">
    <subfield code="a">&#x996;. ; </subfield>
    <subfield code="c">&#x9E8;&#x9E8; &#x9B8;&#x9C7;&#x9AE;&#x9BF;.</subfield>
  </datafield>
  <datafield tag="365" ind1=" " ind2=" ">
    <subfield code="a">IRS</subfield>
    <subfield code="b">150.00</subfield>
  </datafield>
  <datafield tag="505" ind1=" " ind2=" ">
    <subfield code="a">&#x9B8;&#x9C2;&#x99A;&#x9C0;: &#x996;. &#x9EB;&#x964; &#x99A;&#x9BF;&#x995;&#x9BF;&#x9CE;&#x9B8;&#x9BE; &#x9B8;&#x9CD;&#x9A5;&#x9BE;&#x9A8; &#x964; </subfield>
  </datafield>
  <datafield tag="650" ind1=" " ind2="0">
    <subfield code="a">&#x986;&#x9AF;&#x9BC;&#x9C1;&#x9B0;&#x9CD;&#x9AC;&#x9C7;&#x9A6;&#x9C0; &#x994;&#x9B7;&#x9A7; &#x964; </subfield>
  </datafield>
  <datafield tag="650" ind1=" " ind2="0">
    <subfield code="a">Ayurvedic medicine. </subfield>
  </datafield>
  <datafield tag="700" ind1="1" ind2=" ">
    <subfield code="a">&#x9A8;&#x9BE;&#x997;, &#x9AC;&#x9CD;&#x9B0;&#x99C;&#x9C7;&#x9A8;&#x9CD;&#x9A6;&#x9CD;&#x9B0;&#x99A;&#x9A8;&#x9CD;&#x9A6;&#x9CD;&#x9B0; &#x964; </subfield>
  </datafield>
  <datafield tag="942" ind1=" " ind2=" ">
    <subfield code="2">ddc</subfield>
    <subfield code="c">BK</subfield>
  </datafield>
  <datafield tag="999" ind1=" " ind2=" ">
    <subfield code="c">109081</subfield>
    <subfield code="d">109081</subfield>
  </datafield>
  <datafield tag="952" ind1=" " ind2=" ">
    <subfield code="0">0</subfield>
    <subfield code="1">0</subfield>
    <subfield code="2">ddc</subfield>
    <subfield code="4">0</subfield>
    <subfield code="6">615_320000000000000_CHA</subfield>
    <subfield code="7">0</subfield>
    <subfield code="8">NFIC</subfield>
    <subfield code="9">194004</subfield>
    <subfield code="a">DUL</subfield>
    <subfield code="b">DUL</subfield>
    <subfield code="c">GEN</subfield>
    <subfield code="d">2003-06-30</subfield>
    <subfield code="e">Purchased</subfield>
    <subfield code="o">615.32 CHA</subfield>
    <subfield code="p">407139</subfield>
    <subfield code="r">2016-10-16</subfield>
    <subfield code="t">1</subfield>
    <subfield code="w">2016-10-16</subfield>
    <subfield code="y">BK</subfield>
  </datafield>
  <datafield tag="952" ind1=" " ind2=" ">
    <subfield code="0">0</subfield>
    <subfield code="1">0</subfield>
    <subfield code="2">ddc</subfield>
    <subfield code="4">0</subfield>
    <subfield code="6">615_320000000000000_CHA</subfield>
    <subfield code="7">0</subfield>
    <subfield code="8">NFIC</subfield>
    <subfield code="9">194005</subfield>
    <subfield code="a">DUL</subfield>
    <subfield code="b">DUL</subfield>
    <subfield code="c">GEN</subfield>
    <subfield code="d">2003-06-30</subfield>
    <subfield code="e">Purchased</subfield>
    <subfield code="o">615.32 CHA</subfield>
    <subfield code="p">407140</subfield>
    <subfield code="r">2016-10-16</subfield>
    <subfield code="t">2</subfield>
    <subfield code="w">2016-10-16</subfield>
    <subfield code="y">BK</subfield>
  </datafield>
  <datafield tag="952" ind1=" " ind2=" ">
    <subfield code="0">0</subfield>
    <subfield code="1">0</subfield>
    <subfield code="2">ddc</subfield>
    <subfield code="4">0</subfield>
    <subfield code="6">615_320000000000000_CHA</subfield>
    <subfield code="7">0</subfield>
    <subfield code="8">NFIC</subfield>
    <subfield code="9">371826</subfield>
    <subfield code="a">DUL</subfield>
    <subfield code="b">DUL</subfield>
    <subfield code="c">GEN</subfield>
    <subfield code="d">2018-11-06</subfield>
    <subfield code="e">Purchased</subfield>
    <subfield code="o">615.32 CHA</subfield>
    <subfield code="p">507088</subfield>
    <subfield code="r">2018-11-06</subfield>
    <subfield code="t">3</subfield>
    <subfield code="w">2018-11-06</subfield>
    <subfield code="y">BK</subfield>
    <subfield code="x">Sanskrit </subfield>
  </datafield>
  <datafield tag="952" ind1=" " ind2=" ">
    <subfield code="0">0</subfield>
    <subfield code="1">0</subfield>
    <subfield code="2">ddc</subfield>
    <subfield code="4">0</subfield>
    <subfield code="6">615_320000000000000_CHA</subfield>
    <subfield code="7">0</subfield>
    <subfield code="8">NFIC</subfield>
    <subfield code="9">371827</subfield>
    <subfield code="a">DUL</subfield>
    <subfield code="b">DUL</subfield>
    <subfield code="c">GEN</subfield>
    <subfield code="d">2018-11-06</subfield>
    <subfield code="e">Purchased</subfield>
    <subfield code="o">615.32 CHA</subfield>
    <subfield code="p">507094</subfield>
    <subfield code="r">2018-11-06</subfield>
    <subfield code="t">4</subfield>
    <subfield code="w">2018-11-06</subfield>
    <subfield code="y">BK</subfield>
    <subfield code="x">Sanskrit </subfield>
  </datafield>
</record>
